000 00489nam a2200193Ia 4500
008 210417s9999 xx 000 0 und d
020 _a9781682512869
020 _b168251286X
082 _a301 PIL
082 _b22.301 PIL
245 0 _aSocial Structure and Change
245 0 _cSocial Structure and Change
250 _b"vii, 310p.24cm, hbk."
260 _aNew York
260 _bIntelliz Press LLC
260 _c2017
700 _aPilkey. C
700 _bEdited by C. Pilkey
999 _c485743
_d485743